000 00492nam a2200181Ia 4500
999 _c29938
_d29938
003 OSt
005 20201111110536.0
008 190216s9999||||xx |||||||||||||| ||und||
020 _a9788171808762
040 _coclc
082 _a894.8123
_bMOH/V
100 _aMohanavarma, K L
_96455
245 0 _aV Cube /
_cK L Mohanavarma
260 _bPoorna Pubs,
_c2001.
_aKozhikode:
300 _a68p
650 _aNovel
942 _cBK
_2ddc
_h894.8123
_iMOH/V
_k894.8123
_mMOH/V